Fiscal policy reaction in the short term for assessing fiscal sustainability in the long run in Central and Eastern European Countries

Analýza primárneho salda verejných financií v krátkodobom horizonte za účelom posúdenia fiškálnej údržateľnosti v dlhodobom horizonte v krajinách strednej a východnej Európy. Použitie fiškálnej reakčnej funkcie. Teoretické základy fiškálnej udržateľnosti. Testovanie fiškálnej údržateľnosti v stredne...

Ausführliche Beschreibung

Gespeichert in:
Bibliographische Detailangaben
1. Verfasser: Stoian, Andreea
Weitere Verfasser: Câmpeanu, Emilia
Format: Buchkapitel
Sprache:Englisch
Schlagworte:
Tags: Tag hinzufügen
Keine Tags, Fügen Sie das erste Tag hinzu!

MARC

LEADER 00000naa a2200000 4500
001 0127945
005 20231010115647.4
041 0 |a eng 
044 |a CZ 
245 1 0 |a Fiscal policy reaction in the short term for assessing fiscal sustainability in the long run in Central and Eastern European Countries  |c Andreea Stoian, Emilia Câmpeanu 
520 |a Analýza primárneho salda verejných financií v krátkodobom horizonte za účelom posúdenia fiškálnej údržateľnosti v dlhodobom horizonte v krajinách strednej a východnej Európy. Použitie fiškálnej reakčnej funkcie. Teoretické základy fiškálnej udržateľnosti. Testovanie fiškálnej údržateľnosti v strednej a východnej Európe. 
610 2 0 |a politika fiškálna 
610 2 0 |a dlhy verejné 
610 2 0 |a saldo 
610 2 0 |a financie verejné 
610 2 0 |a SVE 
100 1 |a Stoian, Andreea 
700 1 |a Câmpeanu, Emilia